The glacial geology of Vermont. (Record no. 29617)

MARC details
000 -LEADER
fixed length control field 00873cam a22002651 4500
001 - CONTROL NUMBER
control field gs 62000184
003 - CONTROL NUMBER IDENTIFIER
control field DLC
005 - DATE AND TIME OF LATEST TRANSACTION
control field 20260227111411.0
008 - FIXED-LENGTH DATA ELEMENTS--GENERAL INFORMATION
fixed length control field 760616s1961 xx 000 0 eng
010 ## - LIBRARY OF CONGRESS CONTROL NUMBER
LC control number gs 62000184
035 ## - SYSTEM CONTROL NUMBER
System control number (OCoLC)2230806
040 ## - CATALOGING SOURCE
Original cataloging agency DLC
Transcribing agency MeU-P
Modifying agency DLC
042 ## - AUTHENTICATION CODE
Authentication code premarc
050 00 - LIBRARY OF CONGRESS CALL NUMBER
Classification number QE171
Item number .A3 no. 19
100 1# - MAIN ENTRY--PERSONAL NAME
Personal name Stewart, David Perry,
Dates associated with a name 1916-2009.
245 14 - TITLE STATEMENT
Title The glacial geology of Vermont.
260 ## - PUBLICATION, DISTRIBUTION, ETC.
Place of publication, distribution, etc. Montpelier,
Name of publisher, distributor, etc. Vermont Development Dept.,
Date of publication, distribution, etc. 1961.
300 ## - PHYSICAL DESCRIPTION
Extent 124 p.
Other physical details illus., maps (2 fold., 1 col. in pocket) diagrs., tables.
Dimensions 23 cm.
490 1# - SERIES STATEMENT
Series statement Vermont. Geological Survey. Bulletin no. l9.
504 ## - BIBLIOGRAPHY, ETC. NOTE
Bibliography, etc. note Bibliography: p. 114-124.
650 #0 - SUBJECT ADDED ENTRY--TOPICAL TERM
Topical term or geographic name entry element Geology, Stratigraphic
Chronological subdivision Pleistocene.
650 #0 - SUBJECT ADDED ENTRY--TOPICAL TERM
Topical term or geographic name entry element Glacial epoch
Geographic subdivision Vermont.
650 #0 - SUBJECT ADDED ENTRY--TOPICAL TERM
Topical term or geographic name entry element Geology
Geographic subdivision Vermont.
810 1# - SERIES ADDED ENTRY--CORPORATE NAME
Corporate name or jurisdiction name as entry element Vermont.
Subordinate unit State Geologist.
Title of a work Bulletin ;
Volume/sequential designation no. l9.

No items available.

Powered by Koha